| 000 | 01533cam a2200313 i 4500 | ||
|---|---|---|---|
| 003 | SA-RiAUC | ||
| 005 | 20260104132252.0 | ||
| 008 | 251130s2006 su o g f01010 ara c | ||
| 020 | _z9960978509 | ||
| 024 | 0 | _a1427/4434 | |
| 040 |
_aSA-JeALM _bara _cSA-RiAUC _erda |
||
| 043 | _aa-su--- | ||
| 050 | 4 | _b.D37 2006 | |
| 082 | 0 | 4 |
_a923.1 _qSA-RiAUC |
| 090 |
_a923.1 _bد ا ر |
||
| 110 | 2 |
_aدارة الملك عبد العزيز _eمؤلف. |
|
| 245 | 1 | 0 |
_aمجموعة رسوم تذكارية لزيارة صاحب السمو الملكي الأمير سعود آل سعود ولي عهد المملكة العربية السعودية إلى الظهران خلال شهر يناير 1950 / _cدارة الملك عبد العزيز. |
| 264 | 1 |
_aالرياض : _bدار الملك عبد العزيز، _c2006 |
|
| 300 |
_a50 صفحة : _bصور ؛ _c28 سم . |
||
| 336 |
_aنص _btxt _2rdacontent _3كتاب |
||
| 337 |
_aبدون وسيط _bn _2rdamedia |
||
| 600 | 1 | 7 |
_aالملك سعود، سعود بن عبد العزيز بن عبد الرحمن، _cملك السعودية، _d1319-1388 هجري _2aucnm |
| 651 | 7 |
_aالسعودية _xملوك وحكام _vتراجم _2aucsh |
|
| 651 | 7 |
_aالظهران (السعودية) _xتاريخ _2aucsh |
|
| 651 | 7 |
_aالسعودية _xتاريخ _yسعود بن عبد العزيز، 1373-1383 هجري. _2aucsh |
|
| 651 | 7 |
_aالسعودية _xعلاقات اقتصادية خارجية _2aucsh |
|
| 942 |
_2ddc _cBOOK _n0 |
||
| 949 |
_aSA-JeALM _d251130 _uosman123 _n1 |
||
| 999 |
_c13877 _d13877 |
||